| 000 | 00439nam a22001457a 4500 | ||
|---|---|---|---|
| 082 |
_a519.5 _bCHA _cL-4,P-29 |
||
| 100 |
_aChaudhry, Sher Muhammad _937676 |
||
| 245 |
_aIntroduction to statistical theory Part-1 _cSher Muhammad Chaudhry. |
||
| 260 |
_aLahore.: _bIlmi Kitanb Khana. _c1991 |
||
| 300 |
_axvi,574 p.: _c24.cm. |
||
| 500 | _aPart 1,Part 2 | ||
| 526 |
_a0 _b0 _c0 _d519_500000000000000_CHA |
||
| 650 |
_aMCE _9379 |
||
| 942 |
_2ddc _cBK |
||
| 999 |
_c545150 _d545150 |
||